[Event "IRI-ch U14 Girls"]
[Site "Chess.com INT"]
[Date "2021.01.16"]
[Round "4"]
[White "Javaheri, Sara"]
[Black "Ghanbari, Faezeh"]
[Result "0-1"]
[WhiteElo "1028"]
[BlackElo "1117"]
[PlyCount "106"]
[EventDate "2021.01.16"]
[EventType "swiss"]
[EventRounds "9"]
[EventCountry "IRI"]
[SourceTitle "EXT 2022"]
[Source "ChessBase"]
[SourceDate "2021.10.06"]
[SourceVersion "1"]
[SourceVersionDate "2021.10.06"]
[SourceQuality "1"]

1. d4 d5 2. c4 dxc4 3. e4 b5 4. Nc3 c6 5. a4 a6 6. axb5 cxb5 7. Nxb5 Bb7 8. Nc3 Nc6 9. Nf3 Bc8 10. h3 Nf6 11. Bxc4 e6 12. Bg5 Be7 13. 0-0 h6 14. Bf4 g5 15. Be5 Nxe5 16. Nxe5 Bd6 17. Rxa6 Bxa6 18. Bxa6 Bxe5 19. dxe5 Qxd1 20. Rxd1 Rxa6 21. exf6 0-0 22. e5 Rfa8 23. b4 Ra1 24. Rxa1 Rxa1+ 25. Kh2 Rc1 26. Na2 Rc2 27. b5 Rxa2 28. b6 Rb2 29. b7 Rxb7 30. Kg3 Rb4 31. Kf3 Kh7 32. Ke3 Kg6 33. g3 Kf5 34. f4 gxf4+ 35. gxf4 Rxf4 36. Ke2 Kxe5 37. Ke3 Kf5 38. Ke2 Rh4 39. Kf3 Rxh3+ 40. Ke2 Ke4 41. Kf2 Ra3 42. Ke2 Ra2+ 43. Kf1 Kf3 44. Kg1 Kg3 45. Kf1 Rb2 46. Ke1 Kf3 47. Kd1 Ke3 48. Kc1 Rh2 49. Kd1 Rg2 50. Kc1 Kd3 51. Kb1 Kc3 52. Ka1 Kb3 53. Kb1 Rg1# 0-1

[Event "IRI-ch U14 Girls"]
[Site "Chess.com INT"]
[Date "2021.01.16"]
[Round "5"]
[White "Safiri, Ailin"]
[Black "Javaheri, Sara"]
[Result "0-1"]
[WhiteElo "1009"]
[BlackElo "1028"]
[PlyCount "82"]
[EventDate "2021.01.16"]
[EventType "swiss"]
[EventRounds "9"]
[EventCountry "IRI"]
[SourceTitle "EXT 2022"]
[Source "ChessBase"]
[SourceDate "2021.10.06"]
[SourceVersion "1"]
[SourceVersionDate "2021.10.06"]
[SourceQuality "1"]

1. e4 e5 2. Nf3 Nc6 3. d4 exd4 4. Nxd4 Be7 5. Be3 Nf6 6. Nc3 0-0 7. Qd2 Bb4 8. f3 d5 9. Nxc6 bxc6 10. 0-0-0 Be6 11. e5 Nd7 12. Qd4 Bc5 13. Qd3 Nxe5 14. Qd2 Bb4 15. Bd4 Qd6 16. f4 Nd7 17. h3 c5 18. Bf2 d4 19. Qe2 Qxf4+ 20. Kb1 dxc3 21. b3 Ba3 22. Be3 Qe4 23. Rd3 c4 24. Rd4 Qe5 25. g4 cxb3 26. axb3 Bb2 27. Bg2 Rab8 28. Re4 Qa5 29. Ra4 Qb5 30. Qxb5 Rxb5 31. Rxa7 c5 32. Bc6 Rb6 33. Bxd7 Bxd7 34. Bxc5 Rc6 35. Bxf8 Kxf8 36. Re1 g6 37. Rd1 Be6 38. Rd8+ Kg7 39. Rda8 Rd6 40. Ka2 Rd1 41. Rc7 Ra1# 0-1